Professor V. S. Loginov is 65; Bulletin of the Tomsk Polytechnic University; Vol. 311, № 4 : Power engineering
| Parent link: | Bulletin of the Tomsk Polytechnic University/ Tomsk Polytechnic University (TPU).— , 2006-2007 Vol. 311, № 4 : Power engineering.— 2007.— [P. 141-142] |
|---|---|
| 要約: | Заглавие с титульного листа Электронная версия печатной публикации |
| 言語: | 英語 |
| 出版事項: |
2007
|
| シリーズ: | Anniversaries |
| 主題: | |
| オンライン・アクセス: | http://www.lib.tpu.ru/fulltext/v/Bulletin_TPU/2007/v311eng/i4/34.pdf |
| フォーマット: | 電子媒体 図書の章 |
| KOHA link: | https://koha.lib.tpu.ru/cgi-bin/koha/opac-detail.pl?biblionumber=194428 |
MARC
| LEADER | 00000nla2a2200000 4500 | ||
|---|---|---|---|
| 001 | 194428 | ||
| 005 | 20231101224544.0 | ||
| 035 | |a (RuTPU)RU\TPU\book\212051 | ||
| 035 | |a RU\TPU\book\212047 | ||
| 090 | |a 194428 | ||
| 100 | |a 20110414d2007 k y0rusy50 ca | ||
| 101 | 1 | |a eng |c rus | |
| 102 | |a RU | ||
| 135 | |a drnn ---uucaa | ||
| 200 | 1 | |a Professor V. S. Loginov is 65 |b Electronic resource | |
| 203 | |a Text |c electronic | ||
| 215 | |a 1 файл (178 Кб) | ||
| 225 | 1 | |a Anniversaries | |
| 230 | |a Электронные текстовые данные (1 файл : 178 Кб) | ||
| 300 | |a Заглавие с титульного листа | ||
| 300 | |a Электронная версия печатной публикации | ||
| 337 | |a Adobe Reader | ||
| 461 | 1 | |0 (RuTPU)RU\TPU\book\169973 |t Bulletin of the Tomsk Polytechnic University |f Tomsk Polytechnic University (TPU) |d 2006-2007 | |
| 463 | 1 | |0 (RuTPU)RU\TPU\book\200683 |t Vol. 311, № 4 : Power engineering |v [P. 141-142] |d 2007 |p 146 p. | |
| 600 | 1 | |a Логинов |b В. С. |c специалист в области теплотехники |c профессор Томского политехнического университета, доктор физико-математических наук |f 1942- |g Владимир Степанович |y Томск |2 stltpush |3 (RuTPU)RU\TPU\pers\22705 |9 9738 | |
| 610 | 1 | |a труды учёных ТПУ | |
| 610 | 1 | |a электронный ресурс | |
| 801 | 1 | |a RU |b 63413507 |c 20090623 |g PSBO | |
| 801 | 2 | |a RU |b 63413507 |c 20110414 |g PSBO | |
| 856 | 4 | |u http://www.lib.tpu.ru/fulltext/v/Bulletin_TPU/2007/v311eng/i4/34.pdf | |
| 942 | |c CF | ||